000 00882nam a2200241 a 4500
005 19820422000000.0
008 820422s1980 ii bcfj 000 0 eng
010 _aENG-92336
020 _a818157530X
_c600.00
035 _aEN-75869
037 _bDBAD / PUB
040 _adpl
_bEnglish
082 _a230.2
240 _aMahabharata
_lEnglish
245 _aThe Mahabharata of Vyasa /
_ccondensed from Sanskrit and transcreated into English by P. Lal.
260 _bWriters Workshop
_c2006
300 _a967p.
_c23 cm (Hb)
650 _aMahābhārata
650 _aEpic poetry, Sanskrit
_xTranslations into English.
730 _aMahābhārata.
942 _2ddc
_cEN
_h230.2
_mLAL
999 _c20413
_d20413